<La> Résistence du contexte interne en communication interculturelle

Problematika kontextu v interkultúrnej komunikácii. Vonkajšie a vnútorné zložky kontextu. Úspešnosť interkultúrnej komunikácie.

Enregistré dans:
Détails bibliographiques
Auteur principal: Povchanič, Štefan
Format: Chapitre de livre
Langue:français
Sujets:
Tags: Ajouter un tag
Pas de tags, Soyez le premier à ajouter un tag!

MARC

LEADER 00000naa$a2200000$$$4500
001 0128599
005 20240502083323.5
041 0 |a fre 
044 |a FR 
245 1 0 |a <La> Résistence du contexte interne en communication interculturelle  |c Štefan Povchanič 
520 |a Problematika kontextu v interkultúrnej komunikácii. Vonkajšie a vnútorné zložky kontextu. Úspešnosť interkultúrnej komunikácie. 
610 2 0 |a komunikácia 
610 2 0 |a komunikácia multikultúrna 
610 2 0 |a komunikácia verbálna 
610 2 0 |a komunikácia neverbálna 
100 1 |a Povchanič, Štefan